000 00873nam a22002777a 4500
003 CHAP
005 20220329134044.0
008 971013s1973 r 00010 d
010 _a14750
011 _a15722
035 _a19798
040 _cCHAP
082 _a658.05
_bB4
100 0 0 _aBenice, Daniel D.
_911576
245 _aModern business data processing
260 _aEnglewood Cliffs, N. J. :
_bPrentice-Hall,
_c1973
300 _a613 p.
_b: ilus.
590 _aBATCH-UPD
_b10
_c20130110
_lUCH01
_h2228
590 _aBATCH-UPD
_b10
_c20130410
_lUCH01
_h1524
590 _aBATCH-UPD
_b10
_c20130914
_lUCH01
_h1857
590 _aCONVERSION
_b10
_c20130109
_lUCH01
_h1309
650 1 4 _aProcesamiento automático de datos en administración de empresas.
_991748
901 _aBK
942 _cLIBRO
949 _a658.05 B4
_bBC
_cLIBRO
_d33724000128054
_eLIBRO
_h1106
_i19798
_si
999 _c14750
_d14750